000 00461nam a2200181Ia 4500
001 14209
005 20260306164857.0
008 260306t2001||||xx |||||||||||||| ||spa||
041 _aESP
082 _a510.0711
_bB61
100 _aBlanco García, Susana
_eAUT
245 0 _aMatemáticas empresariales II:
_benfoque teórico-práctico
260 _c2001
300 _a264 páginas :
_c24 cm.
650 _aGEN
654 _aCMA
942 _cLIB
_dJUS
_fJUS
_2ddc
_n
999 _c14209
_d14209